000 00831nab a2200241 u 4500
001 10347
003 HDC
007 cr bn ---aaaaa
008 210104c mydr|noo 0 a may d
040 _aHDC
100 _aBarrell, Ryan
_eauthor
_910590
245 0 _aBritain First Blames Sydney Café Siege On Lindt's Non-Halal Chocolate /
_cby Ryan Barrell
260 _a[No place] :
_bThe Huffington Post ,
_c[no year]
336 _atext
_2rdacontent
337 _acomputer
_2rdamedia
338 _aonline resource
_2rdacarrier
650 _aFood industry
_9536
650 _aNon halal
_910591
856 _zRequest full-text at [email protected]
942 _2lcc
942 _cNEWS
942 _kNWSO 000463
999 _c7670
_d7670